Characters with Sunglasses - Statistics

General Stats
  • This quiz has been taken 28 times
  • The average score is 8 of 16
Answer Stats
Picture Answer % Correct
The Terminator
100%
J
86%
Neo
81%
Blade
76%
Johnny Bravo
76%
Agent Smith
71%
Doctor Octopus
71%
K
71%
Morpheus
62%
Matt Murdock
33%
Spamton
29%
Zoot
24%
Joey Ramone
19%
R.J. MacReady
14%
The Skull
10%
Time Slime
10%
No matching quizzes found
Score Distribution
Percent of People with Each Score
Percentile by Number Answered
Your Score History
You have not taken this quiz